00471nam a22001457a 450000500170000000800410001702000180005804100130007608200140008910000130010324501070011626000490022330000280027265000250030020231110073614.0231110b |||||||| |||| 00| 0 eng d a9789994561216 aEnglish  a346.1 RAP lEnglish  aRape in Namibia : bAn assessment of the operation of the Combating of Rape Act 8 of 2000 Full Report  aWindhoek : bLegal Assistance Centre, c2006 bx, 593 pages ;c30 cm.  aLegal practice bLaw